000 01203nam a2200265 a 4500
003 BLK
005 20250403100453.0
008 200703b bu ||||| |||| 00| 0 bu d
020 _a9789547832916
040 _aBLK
041 _aBUL
_cBUL
080 _aАмериканска литература (на САЩ)
_b821.111(73)
_x-31
_z821.111(73)-31
100 _aРийд, Тейлър Дженкинс
_91299
245 _aДейзи Джоунс & The Six
_bисторията на рок чудото от седемдесетте
_cТейлър Дженкинс Рийд ; прев. Десислава Велинова
260 _9417379
_aСофия
_b Locus publ.
_c2019
_fСофия : Алианс принт
300 _a383 с.
_c20 см
380 _aX
490 _9417306
_aБиблиотека Lux in tenebris
_v5
_xC634-7967
500 _aОриг. загл.: Daisy Jones & The Six / Taylor Jenkins Reid
700 _9966
_aВелинова, Десислава
_eпрев.
852 _aЦб 300585
_bЦб
942 _cKNG
_n0
_03
944 _aCR
_c2020-07-03
_k30531
_lЦветелина Шанова
999 _c372890
_d372890